Movies Quiz

Random Movies or Actress Quiz
Score 0/20 Timer 05:00
34 Plays Today
% Correct
Daniel Radcliffe - Harry Potter
95.1%
Keanu Reeves - The Matrix
94.4%
Julia Roberts - Pretty Woman
93.8%
Christopher Reeve - Superman
92.4%
Meg Ryan - When Harry Met Sally...
91.4%
Tim Robbins - The Shawshank Redemption
88.6%
Chris Rock - Grown Ups
85.8%
Winona Ryder - Edward Scissorhands
85.6%
Alan Rickman - Die Hard
84%
Margot Robbie - The Wolf of Wall Street
82.8%
% Correct
Tony Randall - Pillow Talk
82%
Jean Reno - Léon: The Professional
81.6%
Burt Reynolds - Boogie Nights
80.4%
Robert Redford - The Sting
79.4%
Vanessa Redgrave - Howards End
76.4%
Kurt Russell - Stargate
75.3%
Tim Roth - Pulp Fiction
70%
Denise Richards - The World Is Not Enough
68.6%
Ginger Rogers - Top Hat
57.5%
Mimi Rogers - Austin Powers
56.6%
Remove Ads.
Support Sporcle.
Get the best of Sporcle when you Go Orange. This ad-free experience offers more features, more stats, and more fun while also helping to support Sporcle. Thank you for becoming a member.

You're not logged in!

Compare scores with friends on all Sporcle quizzes.
OR
Log In

Sporcle TV

Today on Sporcle TV


Watch our educational content, quiz creation guides, and fun videos on Sporcle TV.

Show Comments

Extras

Top Quizzes Today


Score Distribution

Paid Content

Your Account Isn't Verified!

In order to create a playlist on Sporcle, you need to verify the email address you used during registration. Go to your Sporcle Settings to finish the process.

Report this User

Report this user for behavior that violates our Community Guidelines.

Details: